| 000 | 01010cam a22003133a 4500 | ||
|---|---|---|---|
| 001 | 37581 | ||
| 003 | PGUSA | ||
| 005 | 20140828083826.0 | ||
| 008 | 111001s2011||||xxu|||||s|||||000 1 eng d | ||
| 040 |
_aPGUSA _beng |
||
| 042 | _adc | ||
| 050 | 4 | _aPR | |
| 100 | 1 |
_aDickens, Charles, _d1812-1870 |
|
| 245 | 1 | 4 |
_aThe Cricket on the Hearth : _bA Fairy Tale of Home _h[electronic resource] / _cCharles Dickens |
| 260 |
_bProject Gutenberg, _c2011 |
||
| 506 | _aPublic domain in the USA. | ||
| 516 | _aElectronic text | ||
| 653 | _aEngland -- Social life and customs -- 19th century -- Fiction | ||
| 653 | _aHolidays -- Fiction | ||
| 653 | _aChristmas stories, English | ||
| 700 | 1 |
_aStanfield, Clarkson, _d1793-1867 |
|
| 700 | 1 |
_aDoyle, Richard, _d1824-1883 |
|
| 700 | 1 |
_aMaclise, Daniel, _d1806-1870 |
|
| 700 | 1 |
_aLeech, John, _d1817-1864 |
|
| 700 | 1 |
_aLandseer, Edwin Henry, _cSir, _d1802-1873 |
|
| 830 | 0 |
_aProject Gutenberg _v37581 |
|
| 856 | 4 | 0 | _uhttp://www.gutenberg.org/ebooks/37581 |
| 942 | _cEB | ||
| 999 |
_c266835 _d266835 |
||